LEADER 01995nam 2200361z- 450 001 9910557291203321 005 20210501 035 $a(CKB)5400000000041127 035 $a(oapen)https://directory.doabooks.org/handle/20.500.12854/68864 035 $a(oapen)doab68864 035 $a(EXLCZ)995400000000041127 100 $a20202105d2020 |y 0 101 0 $aeng 135 $aurmn|---annan 181 $ctxt$2rdacontent 182 $cc$2rdamedia 183 $acr$2rdacarrier 200 00$aSymmetry in Engineering Sciences II 210 $aBasel, Switzerland$cMDPI - Multidisciplinary Digital Publishing Institute$d2020 215 $a1 online resource (320 p.) 311 08$a3-03936-714-5 311 08$a3-03936-715-3 330 $aThis book presents a sample of theoretical and practical advances in symmetry in multidisciplinary engineering applications. It covers several applications, such as mechanical analysis of tunnel lining, prediction methods for the ring damper used in gears, calibration methods for manipulators, design methods for wheel configurations of mobile robots, analysis of elastic plastic damaged zones, 3D printed corneal models, analysis of multibody system dynamic networks, structural elements in architecture, railway transportation, transportation of hazardous materials, cable-driven mechanisms, and image processing. The contributions included in this book describe the state-of-the-art advances in this field and demonstrate the possibilities of the study of symmetry in multidisciplinary applications in the field of engineering. 606 $aHistory of engineering and technology$2bicssc 615 7$aHistory of engineering and technology 700 $aMontoya$b Francisco G$4edt$01279132 702 $aBaños Navarro$b Raúl$4edt 702 $aMontoya$b Francisco G$4oth 702 $aBaños Navarro$b Raúl$4oth 906 $aBOOK 912 $a9910557291203321 996 $aSymmetry in Engineering Sciences II$93018449 997 $aUNINA